000 00481nam a2200193Ia 4500
005 20250423095259.0
008 250422s9999 xx 000 0 und d
020 _a9780070144958
050 _aHD 31 .K621/
100 _aKoontz, Harold
245 0 _aEssentials of management : an international perspective
250 _a8th ed.
260 _aNew Delhi
260 _bThe Mc Graw Hill Companies
260 _c2009
300 _a464 p
650 _aManagement
942 _cBK
999 _c29793
_d29793